000 00998cam a2200289Ii 4500
020 _a9251305714
020 _a9789251305713
040 _cUBC
082 _a333 FAO 2018 A084 Or.
245 0 4 _aThe state of food security and nutrition in the world :
_bbuilding climate resilience for food security and nutrition
246 3 _aState of food security and nutrition in the world
246 3 0 _aBuilding climate resilience for food security and nutrition
300 _axv, 181 pages :
_bcolor illustrations, color maps ;
_c30 cm
490 1 _aThe state of the world
500 _aAt head of title: 2018
650 0 _aFood security
650 0 _aFood supply
650 0 _aNutrition
650 0 _aMalnutrition
650 0 _aHunger
710 2 _aFood and Agriculture Organization of the United Nations.
710 2 _aInternational Fund for Agricultural Development.
710 2 _aUNICEF.
710 2 _aWorld Food Programme.
710 2 _aWorld Health Organization.
942 _cAEDBB
999 _c21119
_d21119